Swing classics. (Record no. 109199)
[ view plain ]
| 000 -LEADER | |
|---|---|
| fixed length control field | 00785nam a2200157 a 4500 |
| 005 - DATE AND TIME OF LATEST TRANSACTION | |
| control field | 20140414093839.0 |
| 008 - FIXED-LENGTH DATA ELEMENTS--GENERAL INFORMATION | |
| fixed length control field | 050820s19uu xx 00 eng d |
| 050 ## - LIBRARY OF CONGRESS CALL NUMBER | |
| Classification number | CD 793 |
| Item number | Ele 1997 |
| 100 ## - MAIN ENTRY--PERSONAL NAME | |
| Personal name | Electro Sound Center |
| 245 ## - TITLE STATEMENT | |
| Title | Swing classics. |
| 260 ## - PUBLICATION, DISTRIBUTION, ETC. (IMPRINT) | |
| Name of publisher, distributor, etc | Dyna Products Inc, |
| Date of publication, distribution, etc | c1997. |
| 520 ## - SUMMARY, ETC. | |
| Summary, etc | [1.] Ain't nothing. -- [2]. I love the night life. -- [3]. Dance with me. -- [4]. Keep smilin'. -- [5]. Dancing queen. -- [6]. When will I see you again. -- [6]. Last dance. -- [7]. Love is ultimate. -- [8]. Gonna get along. -- [9]. Pick me up I'll dance. -- [10]. Souvenir. -- [11]. I found love. -- [12]. Never gonna say goodbye. -- [13]. Got you were I want you babe. -- [13]. Can't take my eyes off you. |
| 650 ## - SUBJECT ADDED ENTRY--TOPICAL TERM | |
| Topical term or geographic name as entry element | Ballroom dancing. |
| 942 ## - ADDED ENTRY ELEMENTS (KOHA) | |
| Koha item type | Audio Visual Materials |
| Withdrawn status | Lost status | Damaged status | Home library | Current library | Shelving location | Date acquired | Source of acquisition | Total Checkouts | Full call number | Barcode | Date last seen | Price effective from | Koha item type |
|---|---|---|---|---|---|---|---|---|---|---|---|---|---|
| Luxembourg Library | Luxembourg Library | Audio Visual Material Section | 08/20/2005 | CD 793 Ele 1997 | AV0825 | 04/14/2014 | 04/14/2014 | Audio Visual Materials |